000 00654nam a22002057a 4500
005 20221228132114.0
008 221228b ||||| |||| 00| 0 eng d
020 _a0312218044
040 _cAL
041 _aEnglish
082 _223
_a305.8924
_bBROR
100 _aStephen Eric Bronner
_967819
245 _aRumor about the Jews: Reflections on Antisemitism and the Protocols of the Learned Elders of Zion
260 _aNew York
_bSt.Martins Press
_c1949
300 _a177 p.
_bHB
_c21.5x14 cm.
650 _aAntisemitism
_967820
650 _aProtocols of the wise men of Zion
_967821
700 _aBRONNER (Stephen Eric)
_967822
942 _2ddc
_cDB
999 _c226099
_d226099